000 00245nam a2200085Ia 4500
008 120527s9999 xx 000 0 und d
100 _aANIMALU, O.E.A.et al
245 _aThe world summit on sustainable development at Johannesburg 2002
942 _cBK
999 _c25332
_d25332